Biblioteca y Centro de Documentación

Valuing the diversity of biodiversity (Registro nro. 36978)

Detalles MARC
000 -CABECERA
Longitud fija campo de control 01002naa a2200289 c 4500
001 - NÚMERO DE CONTROL
Número de control 36978
003 - IDENTIFICADOR DE NÚMERO DE CONTROL
Identificador del número de control ES-MaCES
005 - FECHA Y HORA DE LA ÚLTIMA TRANSACCIÓN
Fecha y hora de la última transacción 20150925135238.0
008 - CAMPO FIJO DE DESCRIPCIÓN FIJA--INFORMACIÓN GENERAL
Códigos de información de longitud fija   060724n2006 xxu t 000 | eng d
035 ## - NÚMERO DE CONTROL DEL SISTEMA
Número de control del sistema CES20060012520v
040 ## - FUENTE DE CATALOGACIÓN
Centro catalogador de origen ES-MaCES
Lengua de catalogación spa
Centro transcriptor ES-MaCES
245 00 - MENCIÓN DE TÍTULO
Título Valuing the diversity of biodiversity
Mención de responsabilidad, etc. Mike Christie...[et al.]
504 ## - NOTA DE BIBLIOGRAFÍA, ETC.
Nota de bibliografía, etc. Bibliografía: p.316-317
650 #4 - ASIENTO SECUNDARIO DE MATERIA--TÉRMINO DE MATERIA
Término de materia o nombre geográfico como elemento inicial estudio de investigación
9 (RLIN) 29263
650 #4 - ASIENTO SECUNDARIO DE MATERIA--TÉRMINO DE MATERIA
Término de materia o nombre geográfico como elemento inicial protección ambiental
9 (RLIN) 29423
650 #4 - ASIENTO SECUNDARIO DE MATERIA--TÉRMINO DE MATERIA
Término de materia o nombre geográfico como elemento inicial medio ambiente humano
9 (RLIN) 29448
650 #4 - ASIENTO SECUNDARIO DE MATERIA--TÉRMINO DE MATERIA
Término de materia o nombre geográfico como elemento inicial política agraria
9 (RLIN) 27494
650 #4 - ASIENTO SECUNDARIO DE MATERIA--TÉRMINO DE MATERIA
Término de materia o nombre geográfico como elemento inicial política ambiental
9 (RLIN) 29422
653 10 - TÉRMINO DE INDEXACIÓN--NO CONTROLADO
Término no controlado Medio ambiente
650 #4 - ASIENTO SECUNDARIO DE MATERIA--TÉRMINO DE MATERIA
9 (RLIN) 28714
Término de materia o nombre geográfico como elemento inicial ecosistema
650 #4 - ASIENTO SECUNDARIO DE MATERIA--TÉRMINO DE MATERIA
9 (RLIN) 30344
Término de materia o nombre geográfico como elemento inicial evaluación del impacto ambiental
700 1# - ENCABEZAMIENTO SECUNDARIO--NOMBRE PERSONAL
Nombre de persona Christie, Mike
9 (RLIN) 9618
773 0# - ENTRADA DE DOCUMENTO FUENTE
Título Ecological economics
Parte(s) relacionada(s) vol. 58, no. 2 (15 Jun. 2006){10288 R. 064986}; p. 304-317
Número de control del registro relacionado (ES-MaCES)25300
Itemnumber del ítem fuente 49020
902 ## - CES. TIPO DE DOCUMENTO
Tipodoc (006$c Sirtex) ART Artículo de revista
942 ## - ELEMENTOS KOHA
Fuente de clasificaión o esquema Clasificación propia del CES
Koha [por defecto] tipo de item Artículos (1982-2017)
Parte de clasificación 4.2.

No hay ítems disponibles.

© CES, Consejo Económico y Social de España 2021